000 01526nam a2200301 a 4500
001 61897
003 BD-RjUL
005 20211209081020.0
008 170122s2007 bg a s o000 0|eng||
020 _a9845087590
_c: Tk. 500.00 Inland
035 _a(BD-RjUL)62022
040 _aDLC
_cDLC
_dDLC
_dBD-RjUL
_beng
041 0 _aengben
082 _223
_a304.6095492021
_bCHI 2007 (CS)
110 _aBangladesh Bureau of Statistics.
_9179266
245 1 0 _aBangladesh population census-2001 = বাংলাদেশ আদমশুমারি-২০০১ :
_bCommunity series, Zila: Chittagong = কমিউনিটি সিরিজ, জেলা: চট্টগ্রাম /
_cBangladesh Bureau of Statistics.
246 _aবাংলাদেশ আদমশুমারি-২০০১ :
_bকমিউনিটি সিরিজ, জেলা: চট্টগ্রাম
260 _aDhaka :
_bBangladesh Bureau of Statistics,
_c2007
300 _axv, 403 p. :
_bill. ;
_c28 cm.
490 _aCommunity series, Zila: Chittagong
490 _aকমিউনিটি সিরিজ, জেলা: চট্টগ্রাম
500 _aPrefatory matter in Bengali and English.
651 _aBangladesh
_zChittagong
_vcensus, 2001
_9184013
651 _aBangladesh
_zChittagong
_xPopulation
_vStatistics.
_9180770
_y2001
830 _aCommunity series, Zila: Chittagong
_9180290
830 _aকমিউনিটি সিরিজ, জেলা: চট্টগ্রাম
_9186198
942 _2ddc
_cRAR
999 _c61897
_d61897